MARC details
| 000 -CABECERA |
| campo de control de longitud fija |
02850nab a2200313 a 4500 |
| 005 - FECHA Y HORA DE LA ÚLTIMA TRANSACCIÓN |
| campo de control |
20230210063940.0 |
| 008 - ELEMENTOS DE LONGITUD FIJA--INFORMACIÓN GENERAL |
| campo de control de longitud fija |
991125c2020 sp fr p o 000 0 spa d |
| 035 ## - NÚMERO DE CONTROL DEL SISTEMA |
| Número de control de sistema |
UPN01000234918 |
| 040 ## - FUENTE DE LA CATALOGACIÓN |
| Centro catalogador/agencia de origen |
MX-MxUPN |
| Lengua de catalogación |
spa |
| Centro/agencia transcriptor |
MX-MxUPN |
| Normas de descripción |
aacr2 |
| 049 ## - COLECCIÓN |
| Colección |
ART-E |
| 100 1# - ASIENTO PRINCIPAL--NOMBRE PERSONAL |
| Nombre de persona |
Gargallo López, Bernardo |
| Enlace |
- bernardo.gargallo@uv.es |
| 9 (RLIN) |
39315 |
| 100 1# - ASIENTO PRINCIPAL--NOMBRE PERSONAL |
| Nombre de persona |
Pérez Pérez, Cruz |
| 9 (RLIN) |
41554 |
| 100 1# - ASIENTO PRINCIPAL--NOMBRE PERSONAL |
| Nombre de persona |
García García, Francisco Javier |
| 100 1# - ASIENTO PRINCIPAL--NOMBRE PERSONAL |
| Nombre de persona |
Portillo Poblador, Nuria |
| 245 13 - MENCIÓN DE TÍTULO |
| Título |
La competencia aprender a aprender en la universidad: propuesta de modelo teórico |
| Medio |
[recurso electrónico en línea] |
| 506 0# - NOTA DE RESTRICCIONES AL ACCESO |
| Limitaciones de acceso |
Acceso abierto |
| 520 3# - NOTA DE RESUMEN, ETC. |
| Sumario, etc. |
Aprender a aprender es una de las competencias claves fijadas por la Comisión Europea (CE, 2005 y 2006) para los sistemas educativos de los países miembros. Las últimas investigaciones ponen de relieve la importancia de que los estudiantes universitarios aprendan a aprender, por lo que este estudio se ubica en la universidad. El objetivo es concretar un modelo teórico sobre dicha competencia que permita su operacionalización en los grados universitarios. Para ello se ha realizado una revisión de la literatura sobre el tema. Después de estudiar su fundamentación científica y la normativa reguladora, se analizaron múltiples modelos -especialmente provenientes de la literatura europea- y se propuso uno propio. Esta propuesta incluye cinco dimensiones, tres de las cuales (cognitiva, metacognitiva y afectivomotivacional) provienen de la psicología cognitiva y de las teorías sobre estrategias de aprendizaje y aprendizaje autorregulado. La cuarta (social/ relacional) está vinculada al enfoque sociocognitivo y la quinta (ética) es una aportación del equipo investigador, que la consideró fundamental para el desarrollo personal y social del aprendiz. La propia Comisión Europea, en su reformulación de la competencia en 2018, incluye elementos éticos dentro del aprender a aprender. Estas dimensiones se concretaron en subdimensiones, de las que se aporta su descripción. A partir de la revisión de la literatura realizada y de la reflexión del equipo investigador se propone un modelo teórico integrador con un desarrollo más pormenorizado de lo que es habitual en la literatura que se pretende sirva de referente para el trabajo de la competencia en los grados universitarios. |
| 650 #2 - ASIENTO SECUNDARIO DE MATERIA - TERMINO TEMATICO |
| Término de materia o nombre geográfico como elemento de entrada |
Competencia |
| 9 (RLIN) |
9830 |
| 650 #0 - ASIENTO SECUNDARIO DE MATERIA - TERMINO TEMATICO |
| 9 (RLIN) |
9298 |
| Término de materia o nombre geográfico como elemento de entrada |
Estudiantes universitarios |
| 650 #4 - ASIENTO SECUNDARIO DE MATERIA - TERMINO TEMATICO |
| Término de materia o nombre geográfico como elemento de entrada |
Estrategias de aprendizaje |
| 9 (RLIN) |
16394 |
| 653 0# - TERMINO DE INDIZACION - NO CONTROLADO |
| Término no controlado |
Aprendizaje autorregulado |
| 653 0# - TERMINO DE INDIZACION - NO CONTROLADO |
| Término no controlado |
Aprender a aprender |
| 653 0# - TERMINO DE INDIZACION - NO CONTROLADO |
| Término no controlado |
Cognición social |
| 773 ## - ENLACE AL DOCUMENTO FUENTE/ENTRADA DE REGISTRO ANFITRIÓN |
| Parte(s) relacionada(s) |
Vol. 23, no. 1 (2020), p. 19-44 |
| Título |
Educación xxi |
| Número Internacional Normalizado para Publicaciones Seriadas |
1139-613X |
| 856 40 - LOCALIZACIÓN Y ACCESO ELECTRÓNICOS |
| Identificador Uniforme del Recurso |
<a href="http://revistas.uned.es/index.php/educacionXX1/article/view/23367/20477">http://revistas.uned.es/index.php/educacionXX1/article/view/23367/20477</a> |
| 902 ## - ELEMENTOS DE DATOS B LOCAL, LDB (RLIN) |
| Creó |
GloriaJiménez |
| Modificó |
GloriaJiménez/121022 |
| 905 ## - TIPO DE MATERIAL |
| Tipo de material |
Articulo |
| 942 ## - ELEMENTOS DE PUNTO DE ACCESO ADICIONAL (KOHA) |
| Tipo de ítem Koha |
Artículo Electrónico |